Thank God for everything? (Record no. 12748)

000 -LEADER
fixed length control field 00723nam a2200217 a 4500
001 - CONTROL NUMBER
control field :::00010562$&:&@@
003 - CONTROL NUMBER IDENTIFIER
control field OkBaRHE
005 - DATE AND TIME OF LATEST TRANSACTION
control field 20000607103400.0
008 - FIXED-LENGTH DATA ELEMENTS--GENERAL INFORMATION
fixed length control field s1977 j 000 0 eng u
040 ## - CATALOGING SOURCE
Transcribing agency
100 1# - MAIN ENTRY--PERSONAL NAME
Personal name Price, Frederick K. C.
245 10 - TITLE STATEMENT
Title Thank God for everything?
260 ## - PUBLICATION, DISTRIBUTION, ETC. (IMPRINT)
Place of publication, distribution, etc Tulsa, OK., :
Name of publisher, distributor, etc Harrison House
Date of publication, distribution, etc c1977
300 ## - PHYSICAL DESCRIPTION
Extent 31 p. ;
Dimensions 14 cm.
650 ## - SUBJECT ADDED ENTRY--TOPICAL TERM
Topical term or geographic name as entry element Christian Life
650 ## - SUBJECT ADDED ENTRY--TOPICAL TERM
Topical term or geographic name as entry element God Will
650 ## - SUBJECT ADDED ENTRY--TOPICAL TERM
Topical term or geographic name as entry element Healing
942 ## - ADDED ENTRY ELEMENTS (KOHA)
Source of classification or shelving scheme
Koha item type Books
Copies
Shelving location Lost status Date last seen Barcode Source of classification or shelving scheme Copy number Price effective from Damaged status Date checked out Total Checkouts Full call number Date acquired Current Location Koha item type Permanent Location Not for loan Withdrawn status
General Stacks 2010-04-1410562 12010-04-14   BV 4501 .P72010-04-14 BooksRHEMA Bible Training College  
General Stacks 2010-11-1715008 22010-04-14 2010-11-031BV 4501 .P72010-04-14RHEMA Bible Training CollegeBooksRHEMA Bible Training College